Strength of Materials (Record no. 6164)

000 -LEADER
fixed length control field 00468nam a22001937a 4500
001 - CONTROL NUMBER
control field 6164
003 - CONTROL NUMBER IDENTIFIER
control field BD-DhUET
008 - FIXED-LENGTH DATA ELEMENTS--GENERAL INFORMATION
fixed length control field 141130b xxu||||| |||| 00| 0 eng d
040 ## - CATALOGING SOURCE
Original cataloging agency DLC
Transcribing agency DLC
Modifying agency BD-DhUET
082 ## - DEWEY DECIMAL CLASSIFICATION NUMBER
Classification number 620.11
Item number KHU/1984
100 ## - MAIN ENTRY--PERSONAL NAME
Personal name Khurmi, R. S.
245 ## - TITLE STATEMENT
Title Strength of Materials
250 ## - EDITION STATEMENT
Edition statement 14th ed.
260 ## - PUBLICATION, DISTRIBUTION, ETC. (IMPRINT)
Place of publication, distribution, etc. New Delhi
Name of publisher, distributor, etc. S. Chand
Date of publication, distribution, etc. 1984
300 ## - PHYSICAL DESCRIPTION
Extent vi, 991 p.
Other physical details ill.
650 #0 - SUBJECT ADDED ENTRY--TOPICAL TERM
Topical term or geographic name as entry element Strength of materials
700 ## - ADDED ENTRY--PERSONAL NAME
Personal name Lal, Jagdish
942 ## - ADDED ENTRY ELEMENTS (KOHA)
Koha item type General Book
Holdings
Location (home branch) Withdrawn status Koha normalized classification for sorting Not for loan Date acquired Lost status Sublocation or collection (holding branch) Copy number Shelving location Damaged status Koha date last seen Source of classification or shelving scheme Piece designation (barcode) Price effective from Koha full call number Koha item type
Central Library, BUET 620_110000000000000_KHU_1984 2014-11-30 Central Library, BUET1Circulation section 2014-11-30 583002014-11-30620.11/KHU/1984General Book
Central Library, BUET 620_110000000000000_KHU_1984 2014-12-04 Central Library, BUET2Circulation section 2014-12-04 582992014-12-04620.11/KHU/1984General Book
Central Library, BUET 620_110000000000000_KHU_1984 2014-12-04 Central Library, BUET3Circulation section 2017-01-25 583042014-12-04620.11/KHU/1984General Book
Central Library, BUET 620_110000000000000_KHU_1984 2014-12-06 Central Library, BUET4Circulation section 2014-12-06 582932014-12-06620.11/KHU/1984General Book
Central Library, BUET 620_110000000000000_KHU_1984 2014-12-06 Central Library, BUET5Circulation section 2014-12-06 398052014-12-06620.11/KHU/1984General Book
Central Library, BUET 620_110000000000000_KHU_1984 2015-04-30 Central Library, BUET6Circulation section 2015-04-30 583052015-04-30620.11/KHU/1984General Book
Central Library, BUET 620_110000000000000_KHU_1984 2015-04-30 Central Library, BUET7Circulation section 2015-04-30 583032015-04-30620.11/KHU/1984General Book
Central Library, BUET 620_110000000000000_KHU_1984 2015-06-20 Central Library, BUET8Reading section 2015-06-20 583062015-06-20620.11/KHU/1984Reading Item
Central Library, BUET 620_110000000000000_KHU_1984 2015-06-28 Central Library, BUET11Reading section 2015-06-28 582972015-06-28620.11/KHU/1984Reading Item
Central Library, BUET 620_110000000000000_KHU_1984 2015-06-28 Central Library, BUET10Reading section 2015-06-28 582982015-06-28620.11/KHU/1984Reading Item
Central Library, BUET 620_110000000000000_KHU_1984 2015-06-28 Central Library, BUET11Reading section 2015-06-28 583012015-06-28620.11/KHU/1984Reading Item
Central Library, BUET 620_110000000000000_KHU_1984 2015-06-30 Central Library, BUET12Reading section 2015-06-30 582962015-06-30620.11/KHU/1984Reading Item
Central Library, BUET 620_110000000000000_KHU_1984 2015-06-30 Central Library, BUET13Reading section 2015-06-30 582952015-06-30620.11/KHU/1984Reading Item
Central Library, BUET 620_110000000000000_KHU_1984 2015-07-02 Central Library, BUET14Reading section 2015-07-02 583022015-07-02620.11/KHU/1984Reading Item